000 00210 a2200097 4500
001 16056
100 _aGalyer, J
245 _aMetrology for engineers
260 _aLondon
_bCassel Ltd
_c
090 _c12427
_d12427
942 _aNUST-CAE
_cM
_c2700
999 _c251129
_d251129